[Event "Porto Carrras GRE, Open 2005"]
[Site "?"]
[Date "2005.04.26"]
[Round "7.1"]
[White "Nikolaidis Ioannis"]
[Black "Miezis Normunds"]
[Result "1/2-1/2"]
[WhiteElo "2533"]
[BlackElo "2564"]
[PlyCount "65"]
[EventDate "2005.??.??"]
[Source "www.chesslib.no"]
[SourceDate "2004.05.04"]

1. d4 Nf6 2. c4 e5 3. dxe5 Ng4 4. e3 Nxe5 5. Nh3 d6 6. Nf4 Nbd7 7. Be2 Nc5 8. Nc3 a5 9. O-O g6 10. Na4 Nxa4 11. Qxa4+ Bd7 12. Qc2 Bg7 13. Bd2 O-O 14. Bc3 Re8 15. Rfd1 b6 16. Nd5 Rc8 17. Rac1 c6 18. Nf4 Qc7 19. Qd2 Bf8 20. b3 Rcd8 21. Qb2 Bc8 22. Nd3 Bg7 23. Rd2 Nxd3 24. Rxd3 Bxc3 25. Qxc3 Ba6 26. Rcd1 d5 27. Qd2 Rb8 28. Rd4 dxc4 29. Bxc4 Bxc4 30. bxc4 Qe5 31. h3 Qc5 32. Qc3 a4 33. a3 1/2-1/2

[Event "XIX Czech Oce Open"]
[Site "Pardubice CEC"]
[Date "2008.07.13"]
[Round "7"]
[White "Korobov, A."]
[Black "Potapov, Alexa1"]
[Result "1/2-1/2"]
[WhiteElo "2590"]
[BlackElo "2451"]
[PlyCount "49"]
[EventDate "2008.07.10"]
[Source "www.chesslib.no"]
[SourceDate "2004.05.04"]

1. d4 Nf6 2. c4 e5 3. dxe5 Ng4 4. Nh3 Nxe5 5. e3 d6 6. Nf4 a5 7. Nc3 Na6 8. Be2 Nc5 9. O-O g6 10. e4 Bg7 11. Be3 b6 12. Nfd5 O-O 13. f4 Ned7 14. Bd4 f6 15. f5 c6 16. Nf4 b5 17. Nh5 Ne5 18. Qc2 Qe7 19. Rad1 Ba6 20. b3 Rfe8 21. Rfe1 Ra7 22. Rd2 Bf8 23. Nd1 Qf7 24. Nf2 Ncd7 25. Red1 1/2-1/2

[Event "CRO Team Ch"]
[Site "Tucepi"]
[Date "1996.??.??"]
[Round "?"]
[White "Hulak, Krunoslav"]
[Black "Mohr, Georg"]
[Result "1/2-1/2"]
[WhiteElo "2545"]
[BlackElo "2495"]
[PlyCount "62"]
[EventDate "1996.??.??"]
[Source "www.chesslib.no"]
[SourceDate "2004.05.04"]

1. d4 Nf6 2. c4 e5 3. dxe5 Ng4 4. e3 Nxe5 5. Nc3 g6 6. Nh3 Bg7 7. Nf4 d6 8. Be2 a5 9. O-O O-O 10. Qc2 Na6 11. b3 Re8 12. Bb2 Bf5 13. Qd2 Nc5 14. Rad1 Bg4 15. f3 Bd7 16. Rfe1 f5 17. Bf1 Ne6 18. Nxe6 Bxe6 19. Nd5 c6 20. Nc3 Nf7 21. e4 Qc7 22. Kh1 Re7 23. exf5 Bxf5 24. g4 Be6 25. Ne4 Ne5 26. Bg2 Rf8 27. Re3 d5 28. Ng5 dxc4 29. Qe2 Bd5 30. Re1 cxb3 31. axb3 h6 1/2-1/2

[Event "It, Podlehnik SLO"]
[Site "?"]
[Date "2001.??.??"]
[Round "4"]
[White "Atalik, S."]
[Black "Mohr, G."]
[Result "1/2-1/2"]
[WhiteElo "2535"]
[BlackElo "2480"]
[PlyCount "186"]
[EventDate "2001.??.??"]
[Source "www.chesslib.no"]
[SourceDate "2004.05.04"]

1. d4 Nf6 2. c4 e5 3. dxe5 Ng4 4. e3 Nxe5 5. Nh3 Bb4+ 6. Bd2 Bxd2+ 7. Qxd2 O-O 8. Nf4 d6 9. Be2 a5 10. O-O Nbd7 11. Nc3 Nc5 12. Rad1 f5 13. b3 Nf7 14. Qb2 c6 15. Nh5 Ne6 16. Nd5 Ne5 17. Ndf4 Nc5 18. Nd3 Ncxd3 19. Rxd3 Qe7 20. Rd2 g6 21. Nf4 Nf7 22. Rfd1 Qe5 23. Qc1 b6 24. Rd4 Bb7 25. Nd3 Qe7 26. Nb2 c5 27. R4d2 Rad8 28. Nd3 g5 29. Ne1 Ne5 30. Nf3 Ng6 31. Qc3 Rf7 32. Ne1 g4 33. Nd3 h5 34. Bf1 Rf6 35. Nf4 Nxf4 36. exf4 Re6 37. Rd3 Re8 38. Qd2 Rd8 39. a3 Kg7 40. b4 Be4 41. Re3 axb4 42. axb4 d5 43. cxd5 Rxd5 44. Qc3+ Kg6 45. Rde1 cxb4 46. Qb2 Qf6 47. Qxb4 Kh6 48. f3 gxf3 49. gxf3 Qg7+ 50. Kf2 Qc7 51. fxe4 Qxf4+ 52. Kg1 fxe4 53. Bg2 Rg5 54. Qb2 Rg7 55. Rg3 Rxg3 56. Qh8+ Kg5 57. hxg3 Qxg3 58. Rf1 Qe5 59. Qh7 Rg6 60. Rd1 Qg7 61. Qxg7 Rxg7 62. Kf2 Kf4 63. Bf1 Ra7 64. Bc4 Ra4 65. Rc1 Rb4 66. Rc2 h4 67. Bf1 Rd4 68. Rc6 e3+ 69. Ke1 Rb4 70. Rf6+ Ke5 71. Rh6 Kf5 72. Ke2 Kg5 73. Rh8 Rb3 74. Bg2 b5 75. Bd5 Rc3 76. Rb8 Rc5 77. Be6 Re5 78. Bd7 Kf4 79. Bxb5 h3 80. Bc6 Rc5 81. Ba4 Ra5 82. Rh8 Kg3 83. Rg8+ Kf4 84. Rf8+ Rf5 85. Rh8 Kg3 86. Bd7 Rf2+ 87. Kxe3 Rf3+ 88. Ke2 Rf2+ 89. Ke1 h2 90. Rg8+ Kf4 91. Rf8+ Kg5 92. Rh8 Ra2 93. Bc6 Kf4 1/2-1/2

[Event "3. Subasic Memorial"]
[Site "?"]
[Date "2004.12.08"]
[Round "6"]
[White "Drasko Milan"]
[Black "Cebalo Miso"]
[Result "1/2-1/2"]
[WhiteElo "2486"]
[BlackElo "2520"]
[PlyCount "25"]
[EventDate "2004.??.??"]
[Source "www.chesslib.no"]
[SourceDate "2004.05.04"]

1. d4 Nf6 2. c4 e5 3. dxe5 Ng4 4. e3 Nxe5 5. Nh3 g6 6. Nf4 Bg7 7. Be2 O-O 8. Nc3 d6 9. O-O a5 10. Bd2 Na6 11. b3 Nc5 12. Nb5 c6 13. Nd4 1/2-1/2

[Event "Badalona Open"]
[Site "Badalona"]
[Date "1995.??.??"]
[Round "8"]
[White "Ionescu, Constantin"]
[Black "Anagnostopoulos, Dimitrios"]
[Result "1/2-1/2"]
[WhiteElo "2535"]
[BlackElo "2450"]
[PlyCount "47"]
[EventDate "1995.08.??"]
[Source "www.chesslib.no"]
[SourceDate "2004.05.04"]

1. d4 Nf6 2. c4 e5 3. dxe5 Ng4 4. e3 Nxe5 5. Nh3 Ng6 6. Nc3 Bc5 7. Qh5 d6 8. Bd2 Nd7 9. Qg5 Nf6 10. Nf4 h6 11. Qg3 Nxf4 12. Qxf4 O-O 13. Nd5 Ng4 14. h3 Ne5 15. b4 Bb6 16. Bc3 Be6 17. Be2 Bxd5 18. cxd5 a5 19. b5 Ng6 20. Qg3 Qg5 21. Qxg5 hxg5 22. g3 Bc5 23. Kf1 f5 24. Bh5 1/2-1/2

[Event "Cappelle Open"]
[Site "Cappelle la Grande FRA"]
[Date "1995.??.??"]
[Round "8"]
[White "Skembris, Spyridon"]
[Black "Anagnostopoulos, Dimitrios"]
[Result "1-0"]
[WhiteElo "2525"]
[BlackElo "2445"]
[PlyCount "97"]
[EventDate "1995.03.??"]
[Source "www.chesslib.no"]
[SourceDate "2004.05.04"]

1. d4 Nf6 2. c4 e5 3. dxe5 Ng4 4. e3 Nxe5 5. Nh3 Bc5 6. Nf4 O-O 7. Be2 d6 8. O-O Nbc6 9. Nc3 a5 10. b3 Bf5 11. Bb2 Re8 12. a3 Ne7 13. Na4 N7g6 14. Nxg6 Nxg6 15. Nxc5 dxc5 16. Qe1 Qe7 17. Qc3 f6 18. Bh5 b6 19. Rad1 Rad8 20. h3 Rxd1 21. Rxd1 Rd8 22. Rxd8+ Qxd8 23. Bf3 Qd3 24. Qxd3 Bxd3 25. Bd1 Ne5 26. f3 Kf8 27. a4 Nc6 28. Kf2 Ke7 29. h4 g6 30. Ke1 Bf5 31. Kd2 Be6 32. Bc3 f5 33. Bc2 Kd6 34. Bg7 Nb4 35. Bd1 h5 36. Bf8+ Kd7 37. Bc2 Ke8 38. Bg7 Ke7 39. Bd1 Kd6 40. Bh6 Kd7 41. Bf4 Kd8 42. Be5 Kd7 43. Bc3 Kd6 44. Ke1 Ke7 45. Kf2 Nc6 46. Bc2 Kf7 47. Kg3 Bd7 48. Kf4 Nd8 49. Kg5 1-0

[Event "Camp. svizzero a sq. - Wollishofen-Bern"]
[Site "Svizzera"]
[Date "2008.09.06"]
[Round "6.2"]
[White "Prusikin, Michael"]
[Black "Klauser, Markus"]
[Result "1-0"]
[WhiteElo "2557"]
[BlackElo "2396"]
[PlyCount "111"]
[EventDate "2008.03.02"]
[Source "www.chesslib.no"]
[SourceDate "2004.05.04"]

1. d4 Nf6 2. c4 e5 3. dxe5 Ng4 4. e3 Nxe5 5. Nh3 d6 6. Nf4 g6 7. Nc3 Bg7 8. Be2 O-O 9. O-O Nbd7 10. e4 Nc5 11. Be3 Bd7 12. Qd2 Na4 13. Nxa4 Bxa4 14. Rac1 b6 15. Nd5 Bc6 16. Bd4 Bb7 17. f4 c6 18. Nc3 c5 19. Bf2 Nc6 20. Nb5 Re8 21. Rfd1 Nd4 22. Nxd4 cxd4 23. Bxd4 Bxd4+ 24. Qxd4 Rxe4 25. Qd2 Re8 26. Rc3 Qf6 27. Rd3 Rad8 28. Bf1 Re6 29. b3 Qf5 30. Qf2 Rf6 31. Rd4 Qc5 32. h3 Re8 33. R1d2 Kg7 34. Kh2 Ree6 35. Qg3 Kg8 36. Qd3 a5 37. Be2 h5 38. Bf3 Bxf3 39. Qxf3 Rf5 40. Rd5 Rxd5 41. Rxd5 Qc7 42. Qg3 Kh7 43. Qd3 f5 44. a4 Qd8 45. Qd2 Qe7 46. Qd4 Qh4 47. Qd2 Qe7 48. Qf2 Re2 49. Qd4 Re6 50. Qxb6 Qh4 51. Qa7+ Re7 52. Qd4 g5 53. Rxf5 g4 54. Rg5 gxh3 55. Qd3+ Kh8 56. g3 1-0

[Event "Rilton Cup"]
[Site "?"]
[Date "1996.??.??"]
[Round "3"]
[White "Khenkin Igor"]
[Black "Maidla Vallo"]
[Result "1-0"]
[WhiteElo "2575"]
[BlackElo "2370"]
[PlyCount "53"]
[EventDate "1996.??.??"]
[Source "www.chesslib.no"]
[SourceDate "2004.05.04"]

1. d4 Nf6 2. c4 e5 3. dxe5 Ng4 4. e3 Nxe5 5. Nh3 Bb4+ 6. Bd2 Bxd2+ 7. Qxd2 d6 8. Nf4 Be6 9. Nxe6 fxe6 10. Be2 Nbc6 11. f4 Nd7 12. Bh5+ g6 13. Bf3 Nc5 14. O-O a5 15. Nc3 O-O 16. Nb5 Rf7 17. Nd4 Nd3 18. Qxd3 Rb8 19. b4 Ne5 20. c5 axb4 21. Qe2 Qf8 22. c6 g5 23. a4 Qe8 24. Nf5 h6 25. Bd5 Ng6 26. Bc4 Nh8 27. Bb5 1-0

[Event "NOR Team Ch east"]
[Site "Norway"]
[Date "1993.??.??"]
[Round "9"]
[White "Agdestein, Simen"]
[Black "Fossan, Petter"]
[Result "1-0"]
[WhiteElo "2630"]
[BlackElo "2315"]
[PlyCount "75"]
[EventDate "1993.??.??"]
[Source "www.chesslib.no"]
[SourceDate "2004.05.04"]

1. d4 Nf6 2. c4 e5 3. dxe5 Ng4 4. Nc3 Nxe5 5. e3 g6 6. b3 Bg7 7. Bb2 d6 8. Be2 O-O 9. Nf3 Nbc6 10. O-O Nxf3+ 11. Bxf3 Ne5 12. Be2 Re8 13. Rc1 Be6 14. Rc2 Rc8 15. Rd2 Qh4 16. h3 Nd7 17. Bf3 Rb8 18. Nb5 Bxb2 19. Rxb2 Qd8 20. Nxa7 c6 21. Bxc6 bxc6 22. Nxc6 Qf6 23. Rd2 Ra8 24. Rxd6 Nc5 25. Nb4 Ra5 26. Nd5 Qb2 27. Nc7 Rf8 28. Rd8 Qf6 29. Rxf8+ Kxf8 30. b4 Ra7 31. Nb5 Rd7 32. Nd4 Ne4 33. Qc2 Bf5 34. c5 Ng3 35. fxg3 Rxd4 36. exd4 Qxd4+ 37. Qf2 Qxb4 38. Kh2 1-0

[Event "BKL-Turnier"]
[Site "Leipzig"]
[Date "1988.??.??"]
[Round "?"]
[White "Paehtz, Thomas Sr"]
[Black "Blatny, Pavel"]
[Result "1-0"]
[WhiteElo "2500"]
[BlackElo "2440"]
[PlyCount "90"]
[EventDate "1988.01.??"]
[Source "ChessBase"]

1. c4 Nf6 2. d4 e5 3. dxe5 Ng4 4. Nf3 Bc5 5. e3 Nc6 6. Be2 O-O 7. O-O Re8 8. a3 a5 9. Nc3 Ncxe5 10. Nxe5 Nxe5 11. Ne4 Bf8 12. Ng3 Ra6 13. f4 Ng6 14. e4 Bc5+ 15. Kh1 Nf8 16. f5 Rd6 17. Qe1 b6 18. Bf4 Rc6 19. Rd1 g5 20. Bc1 Rh6 21. Qc3 Bd6 22. Rxd6 cxd6 23. Nh5 Re5 24. Qg3 Rxh5 25. Bxh5 h6 26. Bd2 Nh7 27. Bc3 Nf6 28. Bxe5 dxe5 29. Bf3 Qc7 30. h4 g4 31. Bxg4 Nxe4 32. Qe3 Bb7 33. Be2 Qd6 34. Kg1 Nf6 35. Qxh6 Qd4+ 36. Kh2 e4 37. b3 Qb2 38. Re1 e3 39. Qf4 Bc6 40. Bf3 Bxf3 41. Qxf3 Qxb3 42. Kh3 Qxc4 43. Rxe3 Qc1 44. Qa8+ Kh7 45. Re2 Qc4 1-0

[Event "St Ingbert op"]
[Site "?"]
[Date "1998.??.??"]
[Round "6"]
[White "Bischoff Klaus"]
[Black "Pirrot Dieter"]
[Result "1-0"]
[WhiteElo "2545"]
[BlackElo "2390"]
[PlyCount "81"]
[EventDate "1998.??.??"]
[Source "www.chesslib.no"]
[SourceDate "2004.05.04"]

1. d4 Nf6 2. c4 e5 3. dxe5 Ng4 4. e3 Nxe5 5. Nh3 Ng6 6. Nc3 Bb4 7. Bd2 d6 8. Ng1 Nc6 9. Nf3 O-O 10. a3 Bxc3 11. Bxc3 a5 12. b3 a4 13. b4 Be6 14. Be2 Nh4 15. Nxh4 Qxh4 16. Rc1 Rfd8 17. O-O d5 18. cxd5 Bxd5 19. Qc2 Be4 20. Qb2 Rd6 21. f3 Rh6 22. Be5 Qe7 23. Bf4 g5 24. Bg3 Bd3 25. Rfe1 Rd8 26. Bd1 b5 27. Rc5 Re6 28. Qc3 Bc4 29. Bc2 h6 30. Bf5 Red6 31. Bxd6 Rxd6 32. Be4 Nd8 33. Rxc4 bxc4 34. Qxc4 Rd2 35. Qc3 Qd6 36. Bc2 Ne6 37. Rc1 c5 38. Bxa4 cxb4 39. axb4 Rd3 40. Qf6 Qb6 41. Rc8+ 1-0

[Event "IM"]
[Site "Bogny sur Meuse"]
[Date "2003.06.27"]
[Round "3"]
[White "Vallin, Guillaume"]
[Black "Miezis, Normunds"]
[Result "0-1"]
[WhiteElo "2412"]
[BlackElo "2516"]
[PlyCount "50"]
[EventDate "2003.06.25"]
[Source "Roberto Alvarez"]
[SourceDate "2003.07.14"]

1. d4 Nf6 2. c4 e5 3. dxe5 Ng4 4. e3 Nxe5 5. Nh3 Ng6 6. e4 Bc5 7. Nc3 Nc6 8. Be2 d6 9. Nf4 Nxf4 10. Bxf4 O-O 11. O-O f5 12. Qd2 Kh8 13. Rad1 Be6 14. exf5 Bxf5 15. Be3 Bxe3 16. Qxe3 Qh4 17. Qg3 Qh6 18. Nd5 Rae8 19. Rfe1 Bc2 20. Ra1 Qd2 21. Ne3 Nd4 22. Bf1 Be4 23. b3 Rf3 24. Qh4 g5 25. Rad1 Qxe1 0-1

[Event "Slovaquie (championnat equipes)"]
[Site "?"]
[Date "2004.??.??"]
[Round "63.1"]
[White "Mrva Martin"]
[Black "Meduna Eduard"]
[Result "1/2-1/2"]
[WhiteElo "2471"]
[BlackElo "2432"]
[PlyCount "97"]
[EventDate "2004.??.??"]
[Source "www.chesslib.no"]
[SourceDate "2004.05.04"]

1. d4 Nf6 2. c4 e5 3. dxe5 Ng4 4. a3 Nxe5 5. Qc2 a5 6. Qe4 Qe7 7. Nc3 c6 8. Bf4 f6 9. Bxe5 fxe5 10. Na4 d5 11. cxd5 cxd5 12. Qxd5 Nc6 13. e3 Bf5 14. Bb5 Rd8 15. Qf3 Qe6 16. e4 Bg6 17. Ne2 Be7 18. O-O Bf7 19. Rac1 O-O 20. Qe3 Qg6 21. Bxc6 Bg5 22. f4 exf4 23. Nxf4 bxc6 24. Qe2 Qd6 25. Rcd1 Qe5 26. Nh3 Rxd1 27. Qxd1 Bf6 28. Nc3 Bc4 29. Re1 Bh4 30. Re2 Bxe2 31. Qxe2 Kh8 32. Kh1 Bf6 33. Qc4 Qd6 34. Ng1 Bxc3 35. Qxc3 a4 36. e5 Qd5 37. Qe1 Rb8 38. Nf3 Rxb2 39. h3 Rb8 40. Qh4 h6 41. Qxa4 c5 42. Qa7 Rb1+ 43. Kh2 Rb2 44. Kg3 c4 45. Qe7 Rb7 46. Qe8+ Kh7 47. Ng5+ hxg5 48. Qh5+ Kg8 49. Qe8+ 1/2-1/2

[Event "Cacak"]
[Site "Cacak"]
[Date "1991.??.??"]
[Round "7"]
[White "Drasko, Milan"]
[Black "Chatalbashev, Boris"]
[Result "1-0"]
[WhiteElo "2500"]
[BlackElo "2385"]
[PlyCount "125"]
[EventDate "1991.05.??"]
[Source "ChessBase"]

1. d4 Nf6 2. c4 e5 3. dxe5 Ng4 4. e3 Nxe5 5. Nh3 Ng6 6. Nc3 Bc5 7. Qh5 d6 8. Ng5 Nd7 9. Nge4 O-O 10. Be2 Nf6 11. Nxf6+ Qxf6 12. Nd5 Qd8 13. b4 Bb6 14. Bb2 c6 15. Nxb6 Qxb6 16. Bc3 Be6 17. c5 Qd8 18. O-O d5 19. f4 f5 20. Bd3 Rf7 21. Bd4 Nf8 22. a4 Nd7 23. Qh3 Qc8 24. g4 Nf6 25. g5 Ne4 26. Qg2 Re7 27. Rfc1 Qe8 28. b5 Bd7 29. Rab1 Rc8 30. Rc2 Qf7 31. Be2 Be8 32. Rbc1 Bd7 33. Bf1 Qe8 34. Rb1 Qf7 35. Qf3 Be8 36. Bd3 Bd7 37. h4 Qe6 38. Rbc1 Qf7 39. h5 Qe8 40. Rb1 Qd8 41. h6 g6 42. Qf1 Qe8 43. Qe1 Rf7 44. Qc1 Kf8 45. Qa3 Kg8 46. Qc1 Kf8 47. Kg2 Qd8 48. Kh2 Qc7 49. b6 axb6 50. cxb6 Qb8 51. Be5 Qa8 52. Qa3+ Ke8 53. a5 Re7 54. Kg2 Re6 55. Bd4 c5 56. Bxc5 Nxc5 57. Rxc5 Rxe3 58. Qc3 Qb8 59. Qh8+ Ke7 60. Qf6+ Ke8 61. Qh8+ Ke7 62. Qxh7+ Kd6 63. Rxd5+ 1-0

[Event "Bytom"]
[Site "Bytom"]
[Date "1988.??.??"]
[Round "9"]
[White "Bogdanovski, Vlatko"]
[Black "Szabolcsi, Janos"]
[Result "1/2-1/2"]
[WhiteElo "2460"]
[BlackElo "2415"]
[PlyCount "116"]
[EventDate "1988.??.??"]
[Source "www.chesslib.no"]
[SourceDate "2004.05.04"]

1. d4 Nf6 2. c4 e5 3. dxe5 Ng4 4. e3 Nxe5 5. Nh3 Ng6 6. g3 Nc6 7. a3 d6 8. f4 h5 9. Nf2 Be6 10. Nc3 Qd7 11. Be2 Nge7 12. Nd5 h4 13. g4 f5 14. g5 O-O-O 15. b4 Nb8 16. b5 c6 17. Nxe7+ Qxe7 18. Qa4 d5 19. Nd3 dxc4 20. Ne5 cxb5 21. Qxb5 Qc5 22. Bxc4 Bxc4 23. Qxc4 Qxc4 24. Nxc4 Nc6 25. Bb2 b5 26. Ne5 Nxe5 27. Bxe5 Rd7 28. Ke2 Bd6 29. Rhc1+ Kb7 30. Bxd6 Rxd6 31. Rc5 Kb6 32. Rxf5 Rc8 33. Rf7 g6 34. f5 gxf5 35. Rg1 Rc2+ 36. Kf3 Rdd2 37. Rxf5 Rxh2 38. Kg4 h3 39. Kg3 Rhe2 40. Kxh3 Rxe3+ 41. Rg3 Rcc3 42. Rxe3 Rxe3+ 43. Kg2 a5 44. g6 Re8 45. Kf3 Rg8 46. Rg5 b4 47. axb4 axb4 48. Ke4 Kc6 49. Kf5 Kd5 50. Kf6+ Kc4 51. Kf7 Rb8 52. g7 b3 53. g8=Q Rxg8 54. Rxg8 b2 55. Rb8 Kc3 56. Kf6 Kc2 57. Re8 Kd2 58. Rb8 Kc2 1/2-1/2

[Event "Cappelle Open"]
[Site "Cappelle la Grande FRA"]
[Date "1993.??.??"]
[Round "5"]
[White "Hutters, Tomas"]
[Black "Bianchi, Guillermo"]
[Result "1-0"]
[WhiteElo "2445"]
[BlackElo "2425"]
[PlyCount "41"]
[EventDate "1993.02.??"]
[Source "www.chesslib.no"]
[SourceDate "2004.05.04"]

1. d4 Nf6 2. c4 e5 3. dxe5 Ng4 4. e3 Nxe5 5. Nh3 Nbc6 6. Nf4 Bc5 7. Be2 O-O 8. Nc3 Kh8 9. b3 Ne7 10. Bb2 c6 11. Qd2 a5 12. O-O Nf5 13. Na4 Qe7 14. Bxe5 Qxe5 15. Nd3 Bxe3 16. fxe3 Qxe3+ 17. Qxe3 Nxe3 18. Rf4 d6 19. Kf2 Nc2 20. Rc1 Nb4 21. Nxb4 1-0

[Event "Manresa Open"]
[Site "Manresa"]
[Date "1993.??.??"]
[Round "7"]
[White "Ionescu, Constantin"]
[Black "Castro, Oscar H"]
[Result "1/2-1/2"]
[WhiteElo "2475"]
[BlackElo "2395"]
[PlyCount "28"]
[EventDate "1993.??.??"]
[Source "www.chesslib.no"]
[SourceDate "2004.05.04"]

1. d4 Nf6 2. c4 e5 3. dxe5 Ng4 4. e3 Nxe5 5. Nh3 g6 6. Nf4 Bg7 7. Be2 O-O 8. Nc3 d6 9. O-O Re8 10. Qd2 a5 11. b3 Na6 12. Ba3 b6 13. Rac1 Nc5 14. Nfd5 Bf5 1/2-1/2

[Event "Ch URS (qual)"]
[Site "Ashkhabad (Turkmenistan)"]
[Date "1990.??.??"]
[Round "?"]
[White "Ahundov, Ruslan"]
[Black "Simonenko, Sergei"]
[Result "0-1"]
[WhiteElo "2445"]
[BlackElo "2415"]
[PlyCount "64"]
[EventDate "1990.??.??"]
[Source "www.chesslib.no"]
[SourceDate "2004.05.04"]

1. d4 Nf6 2. c4 e5 3. dxe5 Ng4 4. f4 Bc5 5. e3 d6 6. exd6 O-O 7. Nc3 Bxe3 8. Bd3 Bxg1 9. Rxg1 Qh4+ 10. Kd2 Qf2+ 11. Ne2 Nc6 12. dxc7 Nd4 13. Kc3 Nxe2+ 14. Bxe2 Re8 15. Bd3 Qc5 16. Re1 Rf8 17. f5 Nf6 18. Bg5 Nd5+ 19. Kd2 Qa5+ 20. Kc1 Qxc7 21. Qg4 f6 22. Bd2 Kh8 23. Kb1 Nb6 24. Bb4 Rg8 25. Re7 Bd7 26. Kc2 Nd5 27. Ba5 Qxa5 28. cxd5 Qc5+ 29. Bc4 Qxe7 30. Rd1 Qd6 31. Rd3 g6 32. Rh3 Bxf5+ 0-1

[Event "RUS-Cup3"]
[Site "Omsk"]
[Date "1996.??.??"]
[Round "4"]
[White "Fominyh, Alexander"]
[Black "Chigvintsev, Andrei"]
[Result "1-0"]
[WhiteElo "2535"]
[BlackElo "2325"]
[PlyCount "71"]
[EventDate "1996.12.13"]
[Source "ChessBase"]
[SourceDate "1997.04.10"]

1. d4 Nf6 2. c4 e5 3. dxe5 Ng4 4. Nc3 Nxe5 5. e3 Nbc6 6. Nh3 Bb4 7. Bd2 d5 8. cxd5 Bg4 9. Qa4 Bxc3 10. Bxc3 Qxd5 11. Nf4 Qd6 12. h3 Bd7 13. Rd1 Qh6 14. Be2 O-O 15. O-O Bf5 16. Qb5 a6 17. Qxb7 Bc2 18. Rd2 Ra7 19. Qxa7 Nxa7 20. Rxc2 Ng6 21. Nh5 f6 22. Ng3 Nb5 23. Bb4 Rb8 24. a4 Nd6 25. Ba5 Qh4 26. Bxc7 Rc8 27. b3 Ne8 28. Rc4 Qh6 29. Bf4 Nxf4 30. Rxc8 Nxe2+ 31. Nxe2 Kf7 32. Rd1 Ke7 33. Nf4 g5 34. Nd5+ Kf7 35. Nb6 Ke7 36. Rd7+ 1-0

[Event "FRA Ch"]
[Site "Toulouse FRA"]
[Date "1995.??.??"]
[Round "6"]
[White "Relange, Eloi"]
[Black "Bauer, Christian"]
[Result "1/2-1/2"]
[WhiteElo "2420"]
[BlackElo "2430"]
[PlyCount "44"]
[EventDate "1995.08.??"]
[Source "www.chesslib.no"]
[SourceDate "2004.05.04"]

1. d4 Nf6 2. c4 e5 3. dxe5 Ng4 4. e3 Nxe5 5. Nh3 Nbc6 6. Nf4 g6 7. Be2 d6 8. Nc3 Bg7 9. O-O O-O 10. Qd2 a5 11. b3 a4 12. Ba3 axb3 13. axb3 Bf5 14. b4 Re8 15. Nfd5 Ng4 16. h3 Nf6 17. Bb2 Rxa1 18. Rxa1 Be6 19. b5 Ne5 20. Nxf6+ Qxf6 21. Nd5 Bxd5 22. cxd5 Nf3+ 1/2-1/2

[Event "Corr"]
[Site "?"]
[Date "1997.??.??"]
[Round "?"]
[White "Dorner Joaquin"]
[Black "Mujica Mario Gustavo"]
[Result "0-1"]
[WhiteElo "2460"]
[BlackElo "2386"]
[PlyCount "64"]
[EventDate "1997.??.??"]
[Source "www.chesslib.no"]
[SourceDate "2004.05.04"]

1. d4 Nf6 2. c4 e5 3. dxe5 Ng4 4. e3 Nxe5 5. Nc3 Nbc6 6. Nh3 Ng6 7. Nd5 Nb4 8. Ndf4 Nxf4 9. Nxf4 a5 10. Bd2 Bd6 11. Be2 Qe7 12. O-O O-O 13. a3 Bxf4 14. exf4 Nc6 15. Bc3 d6 16. Re1 Be6 17. Bd3 f5 18. b4 axb4 19. axb4 Qf7 20. b5 Rxa1 21. Qxa1 Nd8 22. Re3 Kh8 23. Rh3 b6 24. Rg3 Rg8 25. h4 h5 26. Qa8 Kh7 27. Rxg7+ Rxg7 28. Bxg7 Qe7 29. Bd4 Kh6 30. g3 Qf8 31. Kg2 Kg6 32. Qa1 Qf7 0-1

[Event "Lyngby Open"]
[Site "Lyngby DEN"]
[Date "1991.??.??"]
[Round "8"]
[White "Malaniuk, Vladimir P"]
[Black "Hansen, Sune Berg"]
[Result "1/2-1/2"]
[WhiteElo "2510"]
[BlackElo "2320"]
[PlyCount "64"]
[EventDate "1991.??.??"]
[Source "www.chesslib.no"]
[SourceDate "2004.05.04"]

1. d4 Nf6 2. c4 e5 3. dxe5 Ng4 4. Nh3 Nxe5 5. e3 d6 6. Nf4 g6 7. Be2 Bg7 8. O-O O-O 9. Nc3 Nbd7 10. e4 Nc5 11. Be3 c6 12. Qd2 Ne6 13. Rac1 Nxf4 14. Bxf4 Be6 15. b3 Qa5 16. Bh6 Bxh6 17. Qxh6 f5 18. exf5 Bxf5 19. Qd2 Rad8 20. f4 Ng4 21. Bxg4 Bxg4 22. h3 Bf5 23. Rcd1 h5 24. Kh2 Rfe8 25. Rfe1 Kf7 26. Qb2 Qc7 27. Qf2 Qa5 28. Qb2 Qc7 29. Qc1 h4 30. Rd4 Rxe1 31. Qxe1 Qe7 32. Qd2 Re8 1/2-1/2

[Event "1 Festival Internazionale"]
[Site "Cortina d'Ampezzo"]
[Date "2003.07.11"]
[Round "7"]
[White "Efimov, Igor"]
[Black "Genocchio, Daniele"]
[Result "1-0"]
[WhiteElo "2474"]
[BlackElo "2340"]
[PlyCount "56"]
[EventDate "2003.07.07"]
[Source "Roberto Alvarez"]
[SourceDate "2003.07.21"]

1. d4 Nf6 2. c4 e5 3. dxe5 Ng4 4. Nc3 Nxe5 5. e3 Bb4 6. Qc2 a5 7. Bd2 O-O 8. a3 Bc5 9. Be2 Re8 10. Nh3 d6 11. Nf4 Nbd7 12. Ne4 Ba7 13. O-O Nf8 14. Ng3 c6 15. Rad1 Bg4 16. Bxg4 Nxg4 17. h3 Ne5 18. Bc3 Bb8 19. Nf5 g6 20. Nxd6 Bxd6 21. c5 Qg5 22. cxd6 Rad8 23. Kh1 Nc4 24. Qd3 b5 25. Qd4 Re5 26. Qa7 Re4 27. b3 Nxd6 28. Qc7 Qe7 1-0

[Event "Groningen GAM"]
[Site "Groningen NED"]
[Date "1990.??.??"]
[Round "?"]
[White "Hoeksema, Hendrik Pieter"]
[Black "Douven, Rudy C"]
[Result "0-1"]
[WhiteElo "2365"]
[BlackElo "2440"]
[PlyCount "28"]
[EventDate "1990.??.??"]
[Source "www.chesslib.no"]
[SourceDate "2004.05.04"]

1. d4 Nf6 2. c4 e5 3. dxe5 Ng4 4. Qd4 d6 5. exd6 Nc6 6. Qe4+ Be6 7. Nf3 Qxd6 8. Nc3 O-O-O 9. e3 Nf6 10. Qb1 Qd7 11. Be2 Bf5 12. e4 Nxe4 13. Nxe4 Bb4+ 14. Kf1 Rhe8 0-1

[Event "Open 2003"]
[Site "Trinec"]
[Date "2003.??.??"]
[Round "4"]
[White "Lagowski, Patryk"]
[Black "Szymanski, Marcin"]
[Result "1-0"]
[WhiteElo "2363"]
[BlackElo "2426"]
[PlyCount "83"]
[EventDate "2004.12.27"]
[Source "Roberto Alvarez"]
[SourceDate "2004.01.19"]

1. d4 Nf6 2. c4 e5 3. dxe5 Ng4 4. e3 Nxe5 5. Nh3 Bb4+ 6. Bd2 Bxd2+ 7. Qxd2 d6 8. Nf4 O-O 9. Be2 a5 10. Nc3 Nbd7 11. b3 Nc5 12. O-O Bf5 13. Rad1 Qg5 14. f3 Ng6 15. Nxg6 hxg6 16. e4 Qxd2 17. Rxd2 Be6 18. f4 f5 19. Bf3 Kf7 20. Re1 Rad8 21. exf5 gxf5 22. Nb5 Rc8 23. Rde2 Rfe8 24. Bd5 g6 25. g3 Kf6 26. Re3 Re7 27. Nd4 Rce8 28. Nxe6 Nxe6 29. Bxb7 Nc5 30. Rxe7 Rxe7 31. Rxe7 Kxe7 32. Bc6 Nd3 33. a3 Nc1 34. b4 axb4 35. axb4 Ne2+ 36. Kf2 Nd4 37. Ba4 c5 38. b5 Kd8 39. b6 Ne6 40. Bc6 Nf8 41. h3 Nd7 42. Bxd7 1-0

[Event "Essen op"]
[Site "?"]
[Date "2000.??.??"]
[Round "7"]
[White "Kalka Arkadius Georg"]
[Black "Jugelt Tobias"]
[Result "1/2-1/2"]
[WhiteElo "2398"]
[BlackElo "2386"]
[PlyCount "141"]
[EventDate "2000.??.??"]
[Source "www.chesslib.no"]
[SourceDate "2004.05.04"]

1. d4 Nf6 2. c4 e5 3. dxe5 Ng4 4. e3 Nxe5 5. Nh3 g6 6. Nc3 Bg7 7. Nf4 O-O 8. Be2 d6 9. h3 Qe7 10. Qd2 c6 11. b3 Na6 12. Bb2 Nc5 13. Rd1 Rd8 14. b4 Ne6 15. O-O f5 16. Rfe1 Qf7 17. Qc2 Bf6 18. Rd2 Ng7 19. Qd1 Nxc4 20. Bxc4 Qxc4 21. Rxd6 Be6 22. Ne4 Be7 23. Bxg7 fxe4 24. Rxd8+ Rxd8 25. Qa1 Bc8 26. a3 Qf7 27. Bh8 b6 28. Rc1 c5 29. bxc5 Bxc5 30. a4 h6 31. h4 Bg4 32. Bf6 Rf8 33. Bd4 Bxd4 34. Qxd4 g5 35. hxg5 hxg5 36. Qxe4 gxf4 37. f3 Qe6 38. Rc4 Qxe4 39. Rxe4 Bd7 40. exf4 Kf7 41. Rd4 Ke7 42. g4 Bc6 43. Kf2 a5 44. f5 Ra8 45. f6+ Ke6 46. Rf4 Bd5 47. g5 Kf7 48. Rd4 Bb3 49. Ke3 Kg6 50. Kf4 Rc8 51. Rd6 Rc4+ 52. Ke3 Kxg5 53. Rxb6 Rc3+ 54. Kd2 Rxf3 55. Rb5+ Kxf6 56. Rxa5 Ke6 57. Ra8 Bd5 58. Re8+ Kd6 59. Re3 Rf2+ 60. Re2 Rf4 61. Rh2 Rxa4 62. Rf2 Ke5 63. Re2+ Be4 64. Rf2 Kd4 65. Re2 Bd3 66. Rf2 Rb4 67. Rf4+ Be4 68. Rf2 Ra4 69. Re2 Ra2+ 70. Ke1 Rxe2+ 71. Kxe2 1/2-1/2